000 00701nam a2200217Ia 4500
003 IN-BaIIA
008 211028s9999 xx s 000 0 eng d
020 _a2-86883-835-9 (Online)
022 _a1633-4760 (Print)
022 _a1638-1963 (Online)
040 _cIIA Library
100 _aGiard, M., ed.
_938142
245 0 _aDome C Astronomy and Astrophysics Meeting
_h[eBook]
260 _aFrance
_bEDP Sciences
_c2005
300 _aiii, 354p.
490 _aEAS Publications Series
700 _aCasoli, F., ed.
_917222
700 _aPaletou, F., ed.
_938143
856 _uhttps://www.eas-journal.org/articles/eas/abs/2005/01/contents/contents.html
_yClick Here to Access eBook
942 _cEB
999 _c20608
_d20608